000 00471nam a2200169Ia 4500
005 20250508155659.0
008 008 250505s9999 xx 000 0 eng d
037 _aTextual
040 _aFEDL
_beng
_cFEDL
041 _aeng
_2eng
084 _a570.7, TIW
_qFEDL
245 0 _aShikshan samugri
260 _aAllahabad, India
_bGovernment Central Pedagogical Institute
_c1970
300 _a51p.
942 _cTEXL
_h570.7, TIW
999 _c1358762
_d1358762